Alexandrie : (Record no. 30819)
[ view plain ]
| 000 -LEADER | |
|---|---|
| fixed length control field | 01287cam a2200349 i 4500 |
| 001 - CONTROL NUMBER | |
| control field | 16854976 |
| 003 - CONTROL NUMBER IDENTIFIER | |
| control field | EG-ScBUE |
| 005 - DATE AND TIME OF LATEST TRANSACTION | |
| control field | 20240919101302.0 |
| 008 - FIXED-LENGTH DATA ELEMENTS--GENERAL INFORMATION | |
| fixed length control field | 110627t2011 fr ab f b 000 0 fre d |
| 020 ## - INTERNATIONAL STANDARD BOOK NUMBER | |
| International Standard Book Number | 9782863641996 |
| 035 ## - SYSTEM CONTROL NUMBER | |
| System control number | (FrPJT)JTL00295860 |
| 040 ## - CATALOGING SOURCE | |
| Original cataloging agency | DLC |
| Language of cataloging | eng |
| Description conventions | rda |
| Transcribing agency | DLC |
| Modifying agency | EG-ScBUE |
| 043 ## - GEOGRAPHIC AREA CODE | |
| Geographic area code | f-ua--- |
| 082 04 - DEWEY DECIMAL CLASSIFICATION NUMBER | |
| Edition number | 22 |
| Classification number | 728.309621 |
| Item number | ANN |
| 100 1# - MAIN ENTRY--PERSONAL NAME | |
| Personal name | Annaloro, Milena, |
| Relator term | author. |
| 245 10 - TITLE STATEMENT | |
| Title | Alexandrie : |
| Remainder of title | une architecture ottomane / |
| Statement of responsibility, etc | Milena Annaloro, Guirémi Lange ; postface de Jean-Charles Depaule. |
| 264 #1 - PUBLICATION, DISTRIBUTION, ETC. (IMPRINT) | |
| Place of publication, distribution, etc | Marseille : |
| Name of publisher, distributor, etc | Éditions Parenthèses, |
| Date of publication, distribution, etc | [2011] |
| 264 #4 - PUBLICATION, DISTRIBUTION, ETC. (IMPRINT) | |
| Date of publication, distribution, etc | c2011 |
| 300 ## - PHYSICAL DESCRIPTION | |
| Extent | 140 pages : |
| Other physical details | illustrations (chiefly color), maps ; |
| Dimensions | 28 cm |
| 336 ## - CONTENT TYPE | |
| Source | rdacontent |
| Content type term | text |
| Content type code | txt |
| 337 ## - MEDIA TYPE | |
| Source | rdamedia |
| Media type term | unmediated |
| Media type code | n |
| 338 ## - CARRIER TYPE | |
| Source | rdacarrier |
| Carrier type term | volume |
| Carrier type code | nc |
| 504 ## - BIBLIOGRAPHY, ETC. NOTE | |
| Bibliography, etc | Includes bibliographical references. |
| 650 #7 - SUBJECT ADDED ENTRY--TOPICAL TERM | |
| Topical term or geographic name as entry element | Architecture, Domestic |
| Geographic subdivision | Egypt |
| -- | Alexandria |
| Form subdivision | Pictorial works. |
| Source of heading or term | BUEsh |
| 650 #7 - SUBJECT ADDED ENTRY--TOPICAL TERM | |
| Topical term or geographic name as entry element | Architecture, Ottoman |
| Geographic subdivision | Egypt |
| -- | Alexandria |
| Form subdivision | Pictorial works. |
| Source of heading or term | BUEsh |
| 655 ## - INDEX TERM--GENRE/FORM | |
| Form subdivision | Reading book |
| 700 1# - ADDED ENTRY--PERSONAL NAME | |
| Personal name | Lange, Guirémi, |
| Relator term | author. |
| 700 1# - ADDED ENTRY--PERSONAL NAME | |
| Personal name | Depaule, Jean-Charles, |
| Relator term | contributer. |
| 906 ## - LOCAL DATA ELEMENT F, LDF (RLIN) | |
| a | 7 |
| b | cbc |
| c | origres |
| d | 3 |
| e | ncip |
| f | 20 |
| g | y-gencatlg |
| 942 ## - ADDED ENTRY ELEMENTS (KOHA) | |
| Source of classification or shelving scheme | Dewey Decimal Classification |
| Koha item type | Book - Borrowing |
| Withdrawn status | Lost status | Source of classification or shelving scheme | Damaged status | Not for loan | Collection code | Home library | Current library | Shelving location | Date acquired | Source of acquisition | Cost, normal purchase price | Serial Enumeration / chronology | Total Checkouts | Total Renewals | Full call number | Barcode | Date last seen | Date checked out | Cost, replacement price | Price effective from | Koha item type |
|---|---|---|---|---|---|---|---|---|---|---|---|---|---|---|---|---|---|---|---|---|---|
| Dewey Decimal Classification | Baccah | Central Library | Central Library | Second Floor | 19/09/2024 | Purchase | 3104.00 | 38580 | 1 | 12 | 728.309621 ANN | 000057176 | 18/02/2026 | 16/10/2025 | 3880.00 | 19/09/2024 | Book - Borrowing |